التسلح ونزع السلاح والأمن الدولي / (رقم التسجيلة. 139394)
[ عرض عادي ]
| 000 -الفاتح | |
|---|---|
| عناصر البيانات ثابتة الطول | 01127cam a2200241 i 4500 |
| 005 - تاريخ ووقت آخر معاملة | |
| حقل ضبط | 20260119095120.0 |
| 008 - عناصر البيانات ثابتة الطول | |
| عناصر البيانات ثابتة الطول | 250721s2017 le gr 000 0 ara d |
| 020 ## - الترقيم الدولي المعياري للكتب (ردمك) | |
| الترقيم الدولي المعياري للكتب (ردمك) | 9789953828145 |
| 082 14 - رقم تصنيف ديوي العشري | |
| رقم التصنيف | 327.174 |
| رقم المادة | م ر ك |
| 110 2# - مدخل رئيسي – اسم هيئة | |
| اسم الهيئة أو اسم السلطة المختصة كعنصر مدخل | مركز دراسات الوحدة العربية. |
| 245 12 - بيان العنوان | |
| العنوان | التسلح ونزع السلاح والأمن الدولي / |
| بيان المسؤولية | مركز دراسات الوحدة العربية، معهد ستوكهلم لأبحاث السلام الدولي ؛ فريق الترجمة عمر سعيد الأيوبي، أمين سعيد الأيوبي. |
| 250 ## - بيان الطبعة | |
| بيان الطبعة | الطبعة الأولى. |
| 264 31 - بيانات النشر، التوزيع…إلخ | |
| مكان النشر، التوزيع...إلخ | بيروت : |
| اسم الناشر، الموزع...إلخ | مركز دراسات الوحدة العربية، |
| تاريخ النشر، التوزيع...إلخ | 2017. |
| 300 ## - الوصف المادي | |
| عدد الوحدات المكونة للوعاء | 864 صفحة. |
| 650 17 - مدخل إضافي بالموضوع - مصطلح موضوعي | |
| مصطلح موضوعي أو اسم جغرافي كعنصر مدخل | نزع الاسلحة. |
| 650 17 - مدخل إضافي بالموضوع - مصطلح موضوعي | |
| مصطلح موضوعي أو اسم جغرافي كعنصر مدخل | الامن الدولي. |
| 650 17 - مدخل إضافي بالموضوع - مصطلح موضوعي | |
| مصطلح موضوعي أو اسم جغرافي كعنصر مدخل | منع الحروب. |
| 700 1# - مدخل إضافي - اسم شخصي | |
| الاسم الشخصي | الأيوبي، عمر سعيد |
| علاقة الشخص بالعمل/ دوره | مترجم. |
| 700 1# - مدخل إضافي - اسم شخصي | |
| الاسم الشخصي | الأيوبي، أمين سعيد |
| علاقة الشخص بالعمل/ دوره | مترجم. |
| 710 2# - مدخل إضافي - اسم هيئة | |
| اسم الهيئة أو السلطة المختصة كعنصر مدخل | معهد ستوكهلم لأبحاث السلام الدولي. |
| علاقة الهيئة بالعمل/ دورالهئية | معد. |
| 942 ## - بيانات إضافية (كوها) | |
| نوع التنصيف | Dewey Decimal Classification |
| نوع المادة (كوها) | كتب |
| حالة السحب | حالة الفقدان | مصدر التصنيف | حالة التلف | غير قابل للإعارة | المكتبة الرئيسية | المكتبة الحالية | موقع الرف | تاريخ التزويد | الرقم المتسلسل | Total Checkouts | رقم الإستدعاء | الباركود | تاريخ آخر ظهور | تاريخ الفاتورة | نوع المادة (كوها) |
|---|---|---|---|---|---|---|---|---|---|---|---|---|---|---|---|
| Dewey Decimal Classification | المكتبة المركزية | المكتبة المركزية | الإعارة | 28/07/2025 | 1699803 | 327.174 / م ر ك | PLD00443152 | 28/07/2025 | 28/07/2025 | كتب |